000 00611nam a2200205Ia 4500
003 GCL
008 140319s9999 xx 000 0 ara d
040 _aGCL /
_cGCL
082 0 4 _a810.9
_bع ع
100 1 _aعبدالحميد القط
245 1 0 _aعبدالقادر القط والنقد العربى /
_cعبدالحميد القط
260 _a[S.N] :
_bمكتبة الخانجى ،
_c1989
300 _a450 ص
490 _a
650 0 4 _aالشعر العربى
650 0 4 _aالادب العربى
650 0 4 _aالمسرح العربى
650 0 4 _aتاريخ ونقد
942 _2ddc
_cBK
999 _c36794
_d36794